000 01040nam a2200265Ia 4500
003 OSt
005 20221005104139.0
006 a|||||r|||| 00| 0
007 ta
008 221004b |||||||| |||| 00| 0 hin d
020 _a9788188285433 (hbk)
_c125
024 _a100126
037 _b330, 22/02/2010, Swaraj Prakashan
_cTextual
040 _aCRL
_cCRL
_bhin
041 _2hin
_ahin
082 _aO157,3M38,25, 152P0;Q0
100 _aचट्टोपाध्याय, बंकिमचन्द्र
_9160381
245 0 _aरजनी
246 _aRajanī
260 _aदिल्ली
_bनया साहित्य किन्द्र भारत
_c2010
300 _a80पृ0
_ccm.
700 _a बिस्वास, ममता, अनु.
942 _hO157,3M38,25, 152P0;Q0
_cTEXL
_2cc
999 _c1011862
_d1011862